[Event "GRE-chT 52nd"]
[Site "Loutraki"]
[Date "2025.07.04"]
[Round "7.8"]
[White "Stefanou, Konstantinos"]
[Black "Kalogridis, Themistoklis"]
[Result "1/2-1/2"]
[WhiteElo "2291"]
[BlackElo "2328"]
[PlyCount "133"]
[EventDate "2025.06.28"]
[EventType "team-swiss"]
[EventRounds "7"]
[EventCountry "GRE"]
[SourceTitle "CB28_2025"]
[SourceDate "2025.07.09"]
[SourceVersion "1"]
[SourceVersionDate "2025.07.09"]
[SourceQuality "1"]
[WhiteTeam "Irakleiou"]
[BlackTeam "Thessaloniki Aris"]
[WhiteTeamCountry "GRE"]
[BlackTeamCountry "GRE"]

1. d4 Nf6 2. Nf3 g6 3. g3 Bg7 4. Bg2 d6 5. c4 Bf5 6. h3 Qc8 7. g4 Bd7 8. Nc3 Nc6 9. b3 0-0 10. Bb2 e5 11. dxe5 dxe5 12. Nd5 Re8 13. Nd2 Nd8 14. e3 Nxd5 15. cxd5 c6 16. Rc1 Qb8 17. 0-0 cxd5 18. Bxd5 Ne6 19. Ne4 Bb5 20. Qf3 Bxf1 21. Nf6+ Bxf6 22. Qxf6 Nd8 23. Kxf1 a5 24. Bc4 Qc7 25. Ba3 Nc6 26. Bd6 Qd7 27. Rd1 b5 28. Bd5 Ra6 29. Qf3 Nd4 30. exd4 e4 31. Qxf7+ Qxf7 32. Bxf7+ Kxf7 33. Bf4 Rf6 34. Be3 Ke6 35. Rc1 Kd6 36. Rc5 Rb8 37. Ke2 a4 38. b4 Rb7 39. Kd2 Rf3 40. h4 Rh3 41. h5 gxh5 42. gxh5 Rh1 43. Bf4+ Ke6 44. d5+ Kf5 45. Bg3 Rxh5 46. d6+ Kg4 47. Ke3 Rh1 48. Kxe4 h5 49. Be5 Rf7 50. Kd5 Rxf2 51. Ke6 Rd1 52. Rxb5 Rxa2 53. Ra5 a3 54. b5 Rb2 55. Ra4+ Kg5 56. d7 Rxb5 57. Bd6 Re1+ 58. Kf7 Rb7 59. Be7+ Rxe7+ 60. Kxe7 h4 61. Rxa3 Kg4 62. Kd6 Rxd7+ 63. Kxd7 h3 64. Ke6 h2 65. Ra1 Kg3 66. Kf5 Kg2 67. Ke4 1/2-1/2

[Event "GRE-chT 52nd"]
[Site "Loutraki"]
[Date "2025.07.03"]
[Round "6.8"]
[White "Armaos, Michail"]
[Black "Stefanou, Konstantinos"]
[Result "0-1"]
[WhiteElo "1942"]
[BlackElo "2291"]
[PlyCount "76"]
[EventDate "2025.06.28"]
[EventType "team-swiss"]
[EventRounds "7"]
[EventCountry "GRE"]
[SourceTitle "CB28_2025"]
[SourceDate "2025.07.09"]
[SourceVersion "1"]
[SourceVersionDate "2025.07.09"]
[SourceQuality "1"]
[WhiteTeam "Kallitheas"]
[BlackTeam "Irakleiou"]
[WhiteTeamCountry "GRE"]
[BlackTeamCountry "GRE"]

1. d4 d6 2. c4 e5 3. dxe5 dxe5 4. Qxd8+ Kxd8 5. Nc3 Be6 6. e3 Nd7 7. Nf3 f6 8. Bd2 c6 9. 0-0-0 Kc7 10. h4 h5 11. Be2 Nh6 12. Ne4 a5 13. Ng3 Ng4 14. Rhf1 Nc5 15. Bc3 Be7 16. Nd2 Na4 17. Nde4 Nxc3 18. Nxc3 f5 19. e4 f4 20. Nf5 Bf8 21. c5 Bxc5 22. Nxg7 Bf7 23. Bxg4 hxg4 24. g3 Rhg8 25. Nf5 Bc4 26. Rg1 Bxf2 27. Rg2 Ba7 28. Rgd2 Rad8 29. h5 Rxd2 30. Rxd2 Be6 31. Rh2 f3 32. Nd1 Bxf5 33. exf5 e4 34. Kd2 Rd8+ 35. Ke1 e3 36. h6 f2+ 37. Nxf2 exf2+ 38. Ke2 Re8+ 0-1

[Event "GRE-chT 52nd"]
[Site "Loutraki"]
[Date "2025.07.02"]
[Round "5.8"]
[White "Stefanou, Konstantinos"]
[Black "Koutlas, Nikolaos"]
[Result "1/2-1/2"]
[WhiteElo "2291"]
[BlackElo "2347"]
[PlyCount "89"]
[EventDate "2025.06.28"]
[EventType "team-swiss"]
[EventRounds "7"]
[EventCountry "GRE"]
[SourceTitle "CB28_2025"]
[SourceDate "2025.07.09"]
[SourceVersion "1"]
[SourceVersionDate "2025.07.09"]
[SourceQuality "1"]
[WhiteTeam "Irakleiou"]
[BlackTeam "Kavalas"]
[WhiteTeamCountry "GRE"]
[BlackTeamCountry "GRE"]

1. d4 d5 2. Nf3 Nf6 3. c4 e6 4. g3 dxc4 5. Bg2 c5 6. 0-0 Nc6 7. dxc5 Qxd1 8. Rxd1 Bxc5 9. Nbd2 c3 10. bxc3 0-0 11. Nb3 Be7 12. Nfd4 Bd7 13. Nxc6 Bxc6 14. Bxc6 bxc6 15. c4 a5 16. Be3 Ne4 17. Nd4 Bf6 18. Rac1 Rfb8 19. f3 Bxd4 20. Bxd4 Nf6 21. Bc3 Kf8 22. Rb1 Ke8 23. Kf2 a4 24. Be5 Rxb1 25. Rxb1 Ra5 26. Rb8+ Kd7 27. Bd4 e5 28. Bb6 Ra6 29. Bc5 Ke6 30. Ke1 Nd7 31. Re8+ Kf6 32. Be7+ Ke6 33. Ba3+ Kf6 34. Kd2 c5 35. Rc8 Rd6+ 36. Ke1 Rb6 37. Kd2 Rb1 38. Rc6+ Ke7 39. Ra6 Ra1 40. Bb2 Rxa2 41. Kc2 a3 42. Rxa3 Rxa3 43. Bxa3 Kd6 44. Kd3 f6 45. Ke4 1/2-1/2

[Event "EU-ch 25th"]
[Site "Eforie Nord"]
[Date "2025.03.26"]
[Round "11"]
[White "Deveci, Huseyin Said"]
[Black "Stefanou, Konstantinos"]
[Result "1-0"]
[WhiteElo "2225"]
[BlackElo "2318"]
[PlyCount "27"]
[EventDate "2025.03.15"]
[EventType "swiss"]
[EventRounds "11"]
[EventCountry "ROU"]
[SourceTitle "CB13_2025"]
[SourceDate "2025.03.26"]
[SourceVersion "1"]
[SourceVersionDate "2025.03.26"]
[SourceQuality "1"]

1. e4 d6 2. d4 g6 3. Nc3 a6 4. Be3 Bg7 5. Qd2 b5 6. a3 Bb7 7. h4 Nf6 8. f3 h5 9. Nh3 Nbd7 10. Ng5 e6 11. 0-0-0 Qe7 12. Ne2 Rc8 13. Kb1 Nh7 14. g4 1-0

[Event "EU-ch 25th"]
[Site "Eforie Nord"]
[Date "2025.03.19"]
[Round "5"]
[White "Stoyanov, Tsvetan"]
[Black "Stefanou, Konstantinos"]
[Result "1-0"]
[WhiteElo "2469"]
[BlackElo "2318"]
[PlyCount "111"]
[EventDate "2025.03.15"]
[EventType "swiss"]
[EventRounds "11"]
[EventCountry "ROU"]
[SourceTitle "CB13_2025"]
[SourceDate "2025.03.26"]
[SourceVersion "1"]
[SourceVersionDate "2025.03.26"]
[SourceQuality "1"]

1. e4 c5 2. Nf3 Nc6 3. Bb5 e5 4. 0-0 Bd6 5. c3 a6 6. Bxc6 dxc6 7. d4 cxd4 8. cxd4 Bg4 9. dxe5 Bc7 10. Qb3 Bxf3 11. Qxf3 Bxe5 12. Qb3 Qc7 13. f4 Bd4+ 14. Be3 Bxe3+ 15. Qxe3 Ne7 16. Nc3 Rd8 17. Rad1 0-0 18. Qc5 Rxd1 19. Rxd1 Rd8 20. Rxd8+ Qxd8 21. g3 h6 22. Qe3 Qd7 23. Kg2 h5 24. Qe2 h4 25. Qd1 Qxd1 26. Nxd1 hxg3 27. hxg3 c5 28. Kf3 f6 29. Nc3 b5 30. Ke3 Kf7 31. Kd3 Ke6 32. a4 b4 33. Nd1 Nc6 34. Kc4 Kd6 35. Ne3 Nd4 36. e5+ fxe5 37. fxe5+ Kxe5 38. Kxc5 Ke4 39. Nc4 b3 40. a5 g5 41. g4 Ne6+ 42. Kb6 Kd3 43. Na3 Nd4 44. Kxa6 Nc2 45. Nb5 Nb4+ 46. Kb7 Kc2 47. a6 Nxa6 48. Kxa6 Kxb2 49. Nd4 Kc3 50. Nxb3 Kd3 51. Nc5+ Ke3 52. Nd7 Kf4 53. Nf6 Ke5 54. Nh5 Ke4 55. Kb6 Kf3 56. Nf6 1-0

[Event "EU-ch 25th"]
[Site "Eforie Nord"]
[Date "2025.03.17"]
[Round "3"]
[White "Kossobudzki, Robert"]
[Black "Stefanou, Konstantinos"]
[Result "0-1"]
[WhiteElo "1954"]
[BlackElo "2318"]
[PlyCount "44"]
[EventDate "2025.03.15"]
[EventType "swiss"]
[EventRounds "11"]
[EventCountry "ROU"]
[SourceTitle "CB13_2025"]
[SourceDate "2025.03.26"]
[SourceVersion "1"]
[SourceVersionDate "2025.03.26"]
[SourceQuality "1"]

1. Nf3 d5 2. g3 Nc6 3. c4 dxc4 4. Na3 e5 5. Bg2 Bxa3 6. bxa3 e4 7. Ng1 Nf6 8. Bb2 Bf5 9. Qa4 Qd5 10. Nh3 b5 11. Qd1 Nd4 12. Nf4 Qd6 13. d3 cxd3 14. exd3 Bg4 15. Qc1 0-0-0 16. dxe4 g5 17. Bxd4 Qxd4 18. Nd5 Nxd5 19. exd5 Qd3 20. f3 Rhe8+ 21. Kf2 Re2+ 22. Kg1 Qd4+ 0-1

[Event "EU-ch 25th"]
[Site "Eforie Nord"]
[Date "2025.03.15"]
[Round "1"]
[White "Grandelius, Nils"]
[Black "Stefanou, Konstantinos"]
[Result "1-0"]
[WhiteElo "2644"]
[BlackElo "2318"]
[PlyCount "69"]
[EventDate "2025.03.15"]
[EventType "swiss"]
[EventRounds "11"]
[EventCountry "ROU"]
[SourceTitle "CB13_2025"]
[SourceDate "2025.03.26"]
[SourceVersion "1"]
[SourceVersionDate "2025.03.26"]
[SourceQuality "1"]

1. e4 c5 2. Nf3 Nc6 3. Bb5 Nf6 4. Nc3 Qc7 5. 0-0 Nd4 6. Re1 a6 7. Bf1 Ng4 8. g3 Nxf3+ 9. Qxf3 Ne5 10. Qe2 e6 11. b3 Nc6 12. Bb2 Nd4 13. Qd3 d6 14. Nd1 Be7 15. c3 Nc6 16. Ne3 Bd7 17. Qe2 0-0 18. d4 cxd4 19. cxd4 Bf6 20. Rad1 Rfd8 21. Ba1 b5 22. d5 Bxa1 23. dxc6 Bc3 24. cxd7 Bxe1 25. Qxe1 Rxd7 26. Bd3 Qc5 27. Qe2 Rc7 28. Kg2 Rb8 29. h4 Rb6 30. Rd2 Qa3 31. h5 h6 32. Bc2 Qc5 33. Bb1 Rbc6 34. Nd5 Qc1 35. Rd1 1-0

[Event "Paleochora op 17th"]
[Site "Paleochora"]
[Date "2024.07.26"]
[Round "8"]
[White "Stefanou, Konstantinos"]
[Black "Vlachos, Anatole"]
[Result "0-1"]
[WhiteElo "2155"]
[BlackElo "2472"]
[PlyCount "58"]
[EventDate "2024.07.20"]
[EventType "swiss"]
[EventRounds "9"]
[EventCountry "GRE"]
[SourceTitle "CBM 221 Extra"]
[Source "ChessBase"]
[SourceDate "2024.09.30"]
[SourceVersion "1"]
[SourceVersionDate "2024.09.30"]
[SourceQuality "1"]

1. d4 Nf6 2. c4 e6 3. Nf3 d5 4. Nc3 c6 5. e3 Nbd7 6. Qc2 Bd6 7. b3 0-0 8. Bb2 e5 9. dxe5 Nxe5 10. Nxe5 Bxe5 11. 0-0-0 Qa5 12. Kb1 Be6 13. f4 Bd6 14. h3 Ba3 15. f5 Bxb2 16. Kxb2 Bd7 17. g4 Rfe8 18. Qd2 dxc4 19. Bxc4 Rad8 20. Qc1 h6 21. a3 Qe5 22. Rhe1 b5 23. Bf1 c5 24. Ka2 b4 25. Nb5 Bxb5 26. Bxb5 Ne4 27. Bxe8 Nc3+ 28. Qxc3 bxc3 29. Rxd8 Qh2+ 0-1

[Event "Paleochora op 17th"]
[Site "Paleochora"]
[Date "2024.07.24"]
[Round "6"]
[White "Stefanou, Konstantinos"]
[Black "Makridis, Dimitrios"]
[Result "1-0"]
[WhiteElo "2155"]
[BlackElo "2328"]
[PlyCount "105"]
[EventDate "2024.07.20"]
[EventType "swiss"]
[EventRounds "9"]
[EventCountry "GRE"]
[SourceTitle "CBM 221 Extra"]
[Source "ChessBase"]
[SourceDate "2024.09.30"]
[SourceVersion "1"]
[SourceVersionDate "2024.09.30"]
[SourceQuality "1"]

1. d4 Nf6 2. c4 e6 3. Nf3 d5 4. Nc3 h6 5. Bf4 Bd6 6. Bxd6 Qxd6 7. e3 0-0 8. cxd5 exd5 9. Bd3 Bg4 10. h3 Bxf3 11. Qxf3 Nbd7 12. g4 c5 13. 0-0-0 Rfe8 14. Kb1 c4 15. Bf5 Nb6 16. g5 hxg5 17. Rdg1 Kf8 18. Rxg5 g6 19. Bc2 Ke7 20. a4 a5 21. Nb5 Qc6 22. Qf4 Kd7 23. Re5 Re7 24. e4 Rae8 25. Rxe7+ Rxe7 26. e5 Ne8 27. Qd2 Nc7 28. Na7 Qe6 29. Qxa5 Re8 30. Qb4 Na6 31. Qc3 Ra8 32. Nb5 Nc7 33. Nd6 Rb8 34. f4 Nc8 35. f5 Qe7 36. Nxf7 Qxf7 37. fxg6 Qf8 38. h4 Ne7 39. Qh3+ Ne6 40. Rf1 Qc8 41. Rf6 Qc6 42. Bd1 c3 43. Qxc3 Ng8 44. Rf7+ Ke8 45. Qb4 Rc8 46. Bg4 Qc2+ 47. Ka2 Ra8 48. Qb5+ Qc6 49. Qxc6+ bxc6 50. Bxe6 Rxa4+ 51. Kb3 Rxd4 52. g7 Nh6 53. Rf6 1-0

[Event "Paleochora op 17th"]
[Site "Paleochora"]
[Date "2024.07.23"]
[Round "5"]
[White "Nevednichy, Vladislav"]
[Black "Stefanou, Konstantinos"]
[Result "1-0"]
[WhiteElo "2471"]
[BlackElo "2155"]
[PlyCount "163"]
[EventDate "2024.07.20"]
[EventType "swiss"]
[EventRounds "9"]
[EventCountry "GRE"]
[SourceTitle "CBM 221 Extra"]
[Source "ChessBase"]
[SourceDate "2024.09.30"]
[SourceVersion "1"]
[SourceVersionDate "2024.09.30"]
[SourceQuality "1"]

1. e4 c5 2. Nf3 Nc6 3. Bb5 e6 4. 0-0 Nge7 5. d4 cxd4 6. Nxd4 a6 7. Be2 Nxd4 8. Qxd4 Nc6 9. Qc3 d6 10. Rd1 e5 11. Be3 Be6 12. Qd2 Be7 13. c4 Rc8 14. Nc3 Nd4 15. Bxd4 exd4 16. Qxd4 0-0 17. Nd5 Bxd5 18. Qxd5 Qb6 19. Rab1 a5 20. Rd3 Rc5 21. Qd4 Qc6 22. Rg3 g6 23. Rb3 Rc8 24. Rd1 Bf8 25. Bf1 Re8 26. Re3 Rce5 27. Rde1 Bg7 28. Qd3 Qb6 29. R3e2 Qc6 30. g3 Qc7 31. b3 Qc5 32. Rd1 Bf8 33. Bg2 b6 34. h4 Qc7 35. Kh2 Rc5 36. Red2 Qe7 37. f4 Qc7 38. a4 Qc8 39. Bf3 Qe6 40. Qf1 Qf6 41. Rd4 Kg7 42. R1d2 Be7 43. Qh3 Rc7 44. Qg4 Bf8 45. Bg2 Qe6 46. Qd1 Qf6 47. Rd5 Rc5 48. R5d3 Kg8 49. Qf1 Re6 50. Rf2 Re7 51. Rfd2 Re8 52. Qf2 Be7 53. Rd5 Bf8 54. g4 Qe6 55. g5 Qc8 56. Kg3 Qc7 57. R5d3 Qc8 58. Qf1 Qc7 59. Qd1 Qc8 60. Rd5 Qc7 61. Qg4 Rxd5 62. Rxd5 Bg7 63. Qd1 Bf8 64. Qd4 Bg7 65. Qd3 Rd8 66. e5 Bf8 67. Bh3 Qe7 68. Bg4 Kh8 69. h5 gxh5 70. Bxh5 Kg8 71. Bg4 Kh8 72. Bf3 Qc7 73. Qf5 Qd7 74. Qf6+ Kg8 75. Bh5 Re8 76. Bg4 Qd8 77. Qxd8 Rxd8 78. f5 h6 79. f6 hxg5 80. Bf5 Kh8 81. Kg4 b5 82. axb5 1-0

[Event "GRE-chT 51st"]
[Site "Trikala"]
[Date "2024.07.07"]
[Round "4.8"]
[White "Stefanou, Konstantinos"]
[Black "Kasioumis, Vasilios"]
[Result "1/2-1/2"]
[WhiteElo "2155"]
[BlackElo "2347"]
[PlyCount "74"]
[EventDate "2024.07.04"]
[EventType "team-swiss"]
[EventRounds "7"]
[EventCountry "GRE"]
[SourceTitle "CBM 221 Extra"]
[Source "ChessBase"]
[SourceDate "2024.09.30"]
[SourceVersion "1"]
[SourceVersionDate "2024.09.30"]
[SourceQuality "1"]
[WhiteTeam "Irakleiou"]
[BlackTeam "Peiraikos OS"]
[WhiteTeamCountry "GRE"]
[BlackTeamCountry "GRE"]

1. d4 Nf6 2. c4 e6 3. Nc3 Bb4 4. Qc2 d5 5. cxd5 exd5 6. Bg5 h6 7. Bxf6 Qxf6 8. a3 Bxc3+ 9. Qxc3 c6 10. e3 Bf5 11. Ne2 Nd7 12. Nf4 0-0 13. Be2 Rfe8 14. 0-0 a6 15. a4 Nf8 16. b4 Ng6 17. Nxg6 Qxg6 18. Rfe1 h5 19. b5 cxb5 20. axb5 axb5 21. Rxa8 Rxa8 22. Bf3 Qc6 23. Qb2 Ra4 24. Be2 b4 25. Bd1 h4 26. Bxa4 Qxa4 27. f3 Bd3 28. Ra1 Qb5 29. Qf2 Qe8 30. Qd2 Bc4 31. Qxb4 Qxe3+ 32. Kh1 h3 33. Qe1 hxg2+ 34. Kxg2 Qxd4 35. Qe8+ Kh7 36. Qxf7 Qb2+ 37. Kh3 Qxa1 1/2-1/2

[Event "GRE-chT 51st"]
[Site "Trikala"]
[Date "2024.07.05"]
[Round "2.8"]
[White "Proutsalis, Marios Alexandros"]
[Black "Stefanou, Konstantinos"]
[Result "0-1"]
[WhiteElo "1843"]
[BlackElo "2155"]
[PlyCount "138"]
[EventDate "2024.07.04"]
[EventType "team-swiss"]
[EventRounds "7"]
[EventCountry "GRE"]
[SourceTitle "CBM 221 Extra"]
[Source "ChessBase"]
[SourceDate "2024.09.30"]
[SourceVersion "1"]
[SourceVersionDate "2024.09.30"]
[SourceQuality "1"]
[WhiteTeam "Chalandriou"]
[BlackTeam "Irakleiou"]
[WhiteTeamCountry "GRE"]
[BlackTeamCountry "GRE"]

1. e4 c5 2. Nc3 Nc6 3. g3 g6 4. Bg2 Bg7 5. d3 Rb8 6. Be3 b5 7. Qd2 b4 8. Nd1 d6 9. Ne2 h5 10. h3 Nf6 11. f4 Qb6 12. Nf2 Nd7 13. Rb1 Nd4 14. 0-0 Qa5 15. Nc1 Qa4 16. Nb3 Bb7 17. Bxd4 cxd4 18. a3 bxa3 19. Ra1 a6 20. Rxa3 Qb5 21. Na5 Nc5 22. Nxb7 Qxb7 23. b3 e5 24. Nd1 h4 25. g4 Qb4 26. Qxb4 Rxb4 27. f5 Bh6 28. Nb2 Ke7 29. Nc4 Rc8 30. Kf2 Bg5 31. Ke2 Rc7 32. Rf2 Bf4 33. Rf1 Bg5 34. Rfa1 Kd7 35. Ra5 Bd8 36. Bf3 Rc8 37. R5a3 g5 38. Kd1 Ra8 39. Nb2 Kc6 40. Na4 Nd7 41. Nb2 Kb7 42. Ra4 Rb5 43. Nc4 Bc7 44. Na3 Ra5 45. Rxa5 Bxa5 46. Nc4 Bb4 47. Ra2 a5 48. Ke2 Kc6 49. Nb2 Kb5 50. Kd1 Bc3 51. Na4 Rc8 52. Be2 Nb8 53. Nb2 Bxb2 54. Rxb2 Rc3 55. Bf1 Na6 56. Be2 f6 57. Bf1 Kb4 58. Be2 Ka3 59. Kc1 Nb4 60. Bf1 d5 61. exd5 Nxd5 62. Kb1 Ne3 63. Be2 Rc7 64. Bf3 Kb4 65. Ra2 Kc3 66. Kc1 Rc5 67. Kb1 Kd2 68. Be4 Nxc2 69. Rb2 Rc3 0-1

[Event "Chalkida Evoiki op 5th"]
[Site "Chalkida"]
[Date "2023.01.08"]
[Round "7"]
[White "Giannoulakis, Labros"]
[Black "Stefanou, Konstantinos"]
[Result "1-0"]
[WhiteElo "2351"]
[BlackElo "2052"]
[PlyCount "117"]
[EventDate "2023.01.05"]
[EventType "swiss"]
[EventRounds "7"]
[EventCountry "GRE"]
[SourceTitle "CBM 212 Extra"]
[Source "ChessBase"]
[SourceDate "2023.03.31"]
[SourceVersion "1"]
[SourceVersionDate "2023.03.31"]
[SourceQuality "1"]

1. d4 d5 2. c4 e6 3. Nc3 Nf6 4. cxd5 exd5 5. Bg5 c6 6. e3 Bd6 7. Bd3 0-0 8. Qc2 h6 9. Bh4 Re8 10. Nge2 a5 11. Bg3 Bxg3 12. Nxg3 Na6 13. a3 Nc7 14. 0-0 Ne6 15. b4 h5 16. f3 h4 17. Nf5 h3 18. Kh1 Ng5 19. Rae1 axb4 20. axb4 Bxf5 21. Bxf5 Qd6 22. Na2 Ra3 23. Qd2 hxg2+ 24. Qxg2 Rexe3 25. Rxe3 Rxe3 26. Rg1 Qf4 27. Qxg5 Qxf3+ 28. Qg2 Qxg2+ 29. Rxg2 Re1+ 30. Rg1 Re2 31. Nc3 Rd2 32. Rd1 Rb2 33. Rb1 Rd2 34. b5 cxb5 35. Nxb5 g6 36. Bh3 Nh5 37. Rf1 f5 38. Bg2 Nf6 39. Rc1 b6 40. Kg1 Rb2 41. Nc3 Ne4 42. Nxd5 Rd2 43. Bxe4 fxe4 44. Nf6+ Kf7 45. Nxe4 Rxd4 46. Ng5+ Ke7 47. Nf3 Rd3 48. Kf2 Rd6 49. Ke3 Kf6 50. Kf4 b5 51. Rb1 Rd5 52. Rc1 g5+ 53. Kg4 Ke6 54. Nxg5+ Kd6 55. Kf4 b4 56. Ne4+ Ke6 57. Rc6+ Ke7 58. Rb6 Rh5 59. Kg3 1-0

[Event "GRE-ch U16"]
[Site "Thessaloniki"]
[Date "2022.08.19"]
[Round "2"]
[White "Ziomas, Konstantinos Dimitr"]
[Black "Stefanou, Konstantinos"]
[Result "1/2-1/2"]
[WhiteElo "1702"]
[BlackElo "2048"]
[PlyCount "123"]
[EventDate "2022.08.18"]
[EventType "swiss"]
[EventRounds "9"]
[EventCountry "GRE"]
[SourceTitle "EXT 2023"]
[Source "ChessBase"]
[SourceDate "2022.10.05"]
[SourceVersion "1"]
[SourceVersionDate "2022.10.05"]
[SourceQuality "1"]

1. e4 c5 2. Nc3 Nc6 3. Bb5 Nd4 4. Nf3 a6 5. Bd3 g6 6. 0-0 Bg7 7. Nxd4 cxd4 8. Ne2 d5 9. Re1 dxe4 10. Bxe4 Nf6 11. Bd3 0-0 12. c3 e5 13. cxd4 exd4 14. b3 Ng4 15. Ng3 Ne5 16. Bf1 Be6 17. Ba3 Re8 18. f4 Bg4 19. Qb1 Nc6 20. Bd3 Qa5 21. Qb2 Nb4 22. Bxb4 Qxb4 23. Ne4 Bd7 24. Rac1 Bc6 25. Qc2 Qa5 26. Qc5 Qd8 27. Ng5 Bf8 28. Rxe8 Qxe8 29. Qc2 Qd7 30. Bc4 Bd5 31. Bxd5 Qxd5 32. Ne4 Bg7 33. d3 h6 34. Qc4 Qd7 35. Qc7 Qb5 36. Qc4 Qa5 37. a4 Re8 38. Qc5 Qxc5 39. Nxc5 Rc8 40. a5 Bf8 41. b4 Bxc5 42. bxc5 Kf8 43. Rc4 Ke7 44. Kf2 Ke6 45. Rxd4 Rxc5 46. Rb4 Rb5 47. Ra4 Rb2+ 48. Kf3 f5 49. h3 Kd5 50. g4 Rh2 51. gxf5 gxf5 52. Kg3 Rd2 53. Rb4 Rxd3+ 54. Kh4 Ra3 55. Rxb7 Ke4 56. Rb4+ Kf3 57. Kh5 Rxa5 58. Kxh6 Kg3 59. Kg5 Kxh3 60. Rb6 Kg3 61. Rf6 Kf3 62. Rxf5 1/2-1/2

[Event "GRE-ch U16"]
[Site "Thessaloniki"]
[Date "2022.08.18"]
[Round "1"]
[White "Stefanou, Konstantinos"]
[Black "Bantekas, Achilleas"]
[Result "1-0"]
[WhiteElo "2048"]
[BlackElo "1568"]
[PlyCount "101"]
[EventDate "2022.08.18"]
[EventType "swiss"]
[EventRounds "9"]
[EventCountry "GRE"]
[SourceTitle "EXT 2023"]
[Source "ChessBase"]
[SourceDate "2022.10.05"]
[SourceVersion "1"]
[SourceVersionDate "2022.10.05"]
[SourceQuality "1"]

1. Nf3 c5 2. g3 g6 3. Bg2 Bg7 4. 0-0 Nc6 5. c4 e6 6. Nc3 Nge7 7. e3 0-0 8. d4 cxd4 9. Nxd4 a6 10. Nb3 Qc7 11. e4 d6 12. Be3 Rb8 13. Rc1 Rd8 14. Qe2 f5 15. Nd5 exd5 16. cxd5 Qd7 17. dxc6 Nxc6 18. Rfd1 Qe7 19. Qd2 fxe4 20. Bg5 Bf6 21. Bxf6 Qxf6 22. Bxe4 Ne5 23. f4 Nc6 24. Bxc6 bxc6 25. Rxc6 Qe7 26. Re1 Qf6 27. Nd4 a5 28. b3 Bd7 29. Rc4 Rdc8 30. Qc3 d5 31. Rc5 Re8 32. Rxd5 Bg4 33. Rde5 Rec8 34. Qxa5 Rd8 35. Rd5 Ra8 36. Rxd8+ Rxd8 37. Nc6 Rd6 38. Qc7 Bd7 39. Ne5 Qe7 40. Qc2 Rc6 41. Qf2 Re6 42. Rd1 Rd6 43. Rd4 Bf5 44. g4 Bb1 45. a4 Qc7 46. Nc4 Re6 47. Qd2 Qc5 48. Kg2 Re2+ 49. Qxe2 Qxd4 50. Qe8+ Kg7 51. Qe5+ 1-0

[Event "GRE-chT 49th"]
[Site "Thessaloniki"]
[Date "2022.08.16"]
[Round "6.2"]
[White "Koutlas, Nikolaos"]
[Black "Stefanou, Konstantinos"]
[Result "1-0"]
[WhiteElo "2357"]
[BlackElo "2048"]
[PlyCount "95"]
[EventDate "2022.08.12"]
[EventType "team-swiss"]
[EventRounds "7"]
[EventCountry "GRE"]
[SourceTitle "CBM 209 Extra"]
[Source "ChessBase"]
[SourceDate "2022.09.30"]
[SourceVersion "1"]
[SourceVersionDate "2022.09.30"]
[SourceQuality "1"]
[WhiteTeam "Kavalas"]
[BlackTeam "Erakleioe"]
[WhiteTeamCountry "GRE"]
[BlackTeamCountry "GRE"]

1. c4 c5 2. Nc3 Nc6 3. Nf3 Nf6 4. e3 e6 5. Be2 d5 6. cxd5 exd5 7. d4 cxd4 8. Nxd4 Bd6 9. 0-0 0-0 10. b3 Be5 11. Nxc6 bxc6 12. Bb2 Re8 13. Rc1 Bd7 14. Na4 Qe7 15. Bxe5 Qxe5 16. Nc5 Rad8 17. Nxd7 Rxd7 18. Rc5 Rd6 19. Qc2 Ree6 20. Bf3 h5 21. h3 g5 22. Qe2 g4 23. hxg4 hxg4 24. Bxg4 Nxg4 25. Qxg4+ Rg6 26. Qh3 Qe4 27. Rfc1 Rxg2+ 28. Qxg2+ Rg6 29. Qxg6+ Qxg6+ 30. Kf1 d4 31. exd4 Qd3+ 32. Kg1 Qxd4 33. R1c3 Kf8 34. R5c4 Qd1+ 35. Kg2 Qd5+ 36. Kg3 Qh1 37. a4 Qg1+ 38. Kf3 Qd1+ 39. Kg2 Qd5+ 40. Kg3 Qd1 41. Kg2 Qd5+ 42. Rf3 Qg5+ 43. Kf1 Qg6 44. Rfc3 Qd6 45. Ke2 Qe5+ 46. Kd1 Qd5+ 47. Kc1 Qh1+ 48. Kb2 1-0

[Event "Patras Finest Rapid 1st"]
[Site "Patras"]
[Date "2022.07.03"]
[Round "3"]
[White "Spiliopoulos, Alexios"]
[Black "Stefanou, Konstantinos"]
[Result "1/2-1/2"]
[WhiteElo "1678"]
[BlackElo "1698"]
[PlyCount "127"]
[EventDate "2022.07.03"]
[EventType "swiss (rapid)"]
[EventRounds "7"]
[EventCountry "GRE"]
[SourceTitle "EXT 2023"]
[Source "ChessBase"]
[SourceDate "2022.10.05"]
[SourceVersion "1"]
[SourceVersionDate "2022.10.05"]
[SourceQuality "1"]

1. d4 d5 2. Nf3 Nf6 3. c4 e6 4. g3 Be7 5. Bg2 0-0 6. 0-0 c6 7. Qc2 b6 8. Nbd2 Bb7 9. e4 Na6 10. a3 c5 11. cxd5 exd5 12. e5 Ne4 13. Rd1 Rc8 14. Nxe4 dxe4 15. dxc5 Qc7 16. Ng5 Nxc5 17. b4 Qxe5 18. Bf4 Nd3 19. Qxc8 Bxc8 20. Bxe5 Bxg5 21. Bd6 Re8 22. Bxe4 Rxe4 23. Rxd3 Be6 24. f4 Bf6 25. Rc1 h5 26. Be5 Bxe5 27. fxe5 Rxe5 28. Rd8+ Kh7 29. Ra8 a5 30. Rb8 axb4 31. axb4 Rb5 32. Rb1 Kg6 33. Kf2 Kf5 34. Ke3 Ke5 35. Rb2 Bc4 36. Rc8 Be6 37. Rg8 g6 38. Rb8 Kd6 39. Rd2+ Kc7 40. Ra8 Rxb4 41. Ra7+ Kc6 42. Rc2+ Kd5 43. Ra8 Rb3+ 44. Kf4 Rb4+ 45. Kg5 Rg4+ 46. Kf6 h4 47. gxh4 Rxh4 48. Rb8 Rb4 49. Rd8+ Ke4 50. Re2+ Kf3 51. Rxe6 fxe6 52. Kxe6 g5 53. Kf5 Rb5+ 54. Kg6 g4 55. Rd3+ Ke4 56. Rd6 Ke5 57. Rc6 Kf4 58. Rc4+ Kf3 59. Rc3+ Kg2 60. Rg3+ Kxh2 61. Rxg4 Kh3 62. Rg1 Rb3 63. Kf5 b5 64. Ke4 1/2-1/2

[Event "Patras Finest Rapid 1st"]
[Site "Patras"]
[Date "2022.07.03"]
[Round "2"]
[White "Stefanou, Konstantinos"]
[Black "Kokkalis, Vasilios"]
[Result "1/2-1/2"]
[WhiteElo "1698"]
[BlackElo "1911"]
[PlyCount "50"]
[EventDate "2022.07.03"]
[EventType "swiss (rapid)"]
[EventRounds "7"]
[EventCountry "GRE"]
[SourceTitle "EXT 2023"]
[Source "ChessBase"]
[SourceDate "2022.10.05"]
[SourceVersion "1"]
[SourceVersionDate "2022.10.05"]
[SourceQuality "1"]

1. Nf3 Nf6 2. g3 d5 3. Bg2 e6 4. 0-0 Be7 5. c4 0-0 6. b3 b6 7. Bb2 Bb7 8. d3 c5 9. e3 Nbd7 10. Qe2 Qc7 11. Nc3 Rac8 12. Rac1 Qb8 13. Rfd1 Rfd8 14. h3 a6 15. g4 Bc6 16. cxd5 Nxd5 17. Nxd5 Bxd5 18. d4 Qb7 19. Ne1 Bxg2 20. Nxg2 cxd4 21. Bxd4 Ba3 22. Bb2 Bxb2 23. Qxb2 Nc5 24. Qe2 a5 25. Ne1 h6 1/2-1/2

[Event "GRE-ch U18"]
[Site "Kavala"]
[Date "2022.05.01"]
[Round "8"]
[White "Makridis, Dimitrios"]
[Black "Stefanou, Konstantinos"]
[Result "1-0"]
[WhiteElo "2082"]
[BlackElo "2048"]
[PlyCount "85"]
[EventDate "2022.04.26"]
[EventType "swiss"]
[EventRounds "9"]
[EventCountry "GRE"]
[SourceTitle "CBM 208 Extra"]
[Source "ChessBase"]
[SourceDate "2022.07.31"]
[SourceVersion "1"]
[SourceVersionDate "2022.07.31"]
[SourceQuality "1"]

1. e4 c5 2. Nf3 Nc6 3. Bb5 e5 4. 0-0 Nge7 5. c3 g6 6. d4 exd4 7. cxd4 cxd4 8. Bf4 a6 9. Ba4 Bg7 10. Bd6 b5 11. Bb3 0-0 12. Nbd2 Na5 13. Rc1 Nxb3 14. Nxb3 Bb7 15. Nfxd4 Re8 16. Bc7 Qc8 17. Be5 Bxe5 18. Rxc8 Raxc8 19. Qd2 Bg7 20. Re1 d6 21. h3 h6 22. Qa5 Nc6 23. Qb6 Nxd4 24. Qxb7 Nxb3 25. axb3 Bxb2 26. Qxa6 Bc3 27. Re2 Be5 28. g3 b4 29. Ra2 Bd4 30. Kg2 Bc5 31. h4 h5 32. Kh3 Rcd8 33. Qd3 Ra8 34. Rxa8 Rxa8 35. Qd5 Re8 36. f4 Rd8 37. f5 Kg7 38. f6+ Kg8 39. e5 Re8 40. exd6 Bb6 41. Qc6 Rb8 42. d7 Bd8 43. Qc8 1-0